| 000 | 00682nam a2200205Ia 4500 | ||
|---|---|---|---|
| 003 | GCL | ||
| 008 | 140319s9999 xx 000 0 ara d | ||
| 040 |
_aGCL / _cGCL |
||
| 082 | 0 | 4 |
_a920.71 _bا ك |
| 100 | 1 | _aابن طيفور : ابوالفضل احمد بن طيفور الخراسانى | |
| 245 | 1 | 0 |
_aكتاب بغداد / _cابن طيفور : ابوالفضل احمد بن طيفور الخراسانى |
| 700 | 1 | _aالسيد عزت العطار الحسينى | |
| 300 | _a237 | ||
| 490 |
_aكتاب _v0 |
||
| 650 | 0 | 4 | _aالمؤرخون |
| 650 | 0 | 4 | _aبغداد |
| 650 | 0 | 4 | _aالرجال - تراجم |
| 650 | 0 | 4 | _aالمؤرخون - تراجم |
| 942 |
_2ddc _cBK |
||
| 999 |
_c43245 _d43245 |
||